Movies Quiz

Random Movies or Star Wars Quiz

Star Wars: Character's Last Words Quiz Stats

Quiz Updated Jan 23, 2012

Also try: Famous Last Words
Challenge
Share
Tweet
Embed
Score 0/14 Timer 05:00
0 Plays Today
Last Words Character % Correct
You can't win, Darth. If you strike me down, I shall become more powerful than you can possibly imagine.Obi-Wan Kenobi
94.8%
You already have, Luke. You were right. You were right about me. Tell your sister... you were right.Anakin Skywalker
94.3%
Luke, when gone am I, the last of the Jedi will you be. Luke, the Force runs strong in your family. Pass on what you have learned. Luke...There is...another...Skywalker.Yoda
93.1%
Now, young Skywalker...you will die.Emperor Palpatine
85.7%
Promise... promise me you will train the boy. He... is the Chosen One... he will bring balance. Train him.Qui-Gon Jinn
82%
Stay here, Boba. I'll be back.Jango Fett
77.9%
He has control of the Senate and the Courts. He is too dangerous to be kept alive!Mace Windu
75.7%
Last Words Character % Correct
Obi-Wan...there...is still good in him. I know there is...still...Padme' Amidala
68.7%
You look so handsome. My son…my grown-up son. I’m so proud of you, Ani…so proud…I missed you so much…I love…Shmi Skywalker
68.1%
I sense great fear in you, Skywalker. You have hate, you have anger, but you don’t use them.Count Dooku
61.3%
Army or not, you must realize you are doomed!General Grievous
36.2%
The war...the war is over—Lord Sidious promised—he promised we would be left in peace!Nute Gunray
33.4%
That's the idea. I've been looking forward to this for a long time! Greedo
19.5%
I'm sorry, m'lady... I'm... not sure I...I've failed you, Senator.Corde'
18.1%

You're not logged in!

Compare scores with friends on all Sporcle quizzes.
Sign Up with Email
OR
Log In

You Might Also Like...

Show Comments

Extras

Top Quizzes Today


Score Distribution

Your Account Isn't Verified!

In order to create a playlist on Sporcle, you need to verify the email address you used during registration. Go to your Sporcle Settings to finish the process.